Datum a čas kvízu
29
Celkem bodů
Celkový počet nahraných bodů na tomto kvízu bez doplňovacích otázek.
4.
Pořadí na kvízu
Konečné umístění týmu na tomto kvízu.
Zaznamenané odpovědi
| # | Otázka | Odpověď | Body | Výsledky |
|---|---|---|---|---|
| 1. | V Praze byla v úterý symbolick... | na Karlově mostě | 1 | |
| 2. | Ve středu skončilo ruské refer... | do roku 2036 (uznáváme 2033 – 39) | 1 | |
| 3. | V pátek začala ve vybraných ki... | Tady Vary | 1 | |
| 4. | Minulý týden byl zveřejněn prů... | Amazon | 0 | |
| 5. | Jak se jmenuje letošní vítěz č... | Sparta Praha | 1 | |
| 6. | Toto téma začneme poněkud netr... | Manželství na zkoušku/manželství na rok a den. | 0 | |
| 7. | Kromě Yoko Ono, i další manžel... | George Harrison | 0 | |
| 8. | Jedna z chotí československých... | D | 1 | |
| 9. | Slavná americká herečka Elizab... | Paul Newman | 0 | |
| 10. | Mysteriózní komediální americk... | 1C 2A 3B 4D | 0 |